ბათუმის შოთა რუსთაველის სახელმწიფო უნივერსიტეტის ბიბლიოთეკა

Les 500 Exercices Grammaire : (ბიბ.ჩანაწერი № 50820)

000 -LEADER
fixed length control field 00866nam a2200253Ia 4500
001 - CONTROL NUMBER
control field 17773
003 - CONTROL NUMBER IDENTIFIER
control field GE_BSU
005 - DATE AND TIME OF LATEST TRANSACTION
control field 20200224113442.0
008 - FIXED-LENGTH DATA ELEMENTS--GENERAL INFORMATION
fixed length control field 181216s2005fr xx |||||||||||||| ||fre||
020 ## - INTERNATIONAL STANDARD BOOK NUMBER
International Standard Book Number 978-2011554338
040 ## - CATALOGING SOURCE
Transcribing agency GE_BSU
041 ## - LANGUAGE CODE
Language code of text/sound track or separate title fre
080 ## - UNIVERSAL DECIMAL CLASSIFICATION NUMBER
Universal Decimal Classification number 811.133.1L-58
245 ## - TITLE STATEMENT
Title Les 500 Exercices Grammaire :
Remainder of title Niveau : B1 : Avec Corriges /
Statement of responsibility, etc. Marie-Pierre Caquineau-Gunduz ; Yvonne Delatour ; Dominique Jennepin ; Francoise Lesage-Langot.
264 ## - PRODUCTION, PUBLICATION, DISTRIBUTION, MANUFACTURE, AND COPYRIGHT NOTICE
Place of production, publication, distribution, manufacture Paris :
Name of producer, publisher, distributor, manufacturer Hachette,
Date of production, publication, distribution, manufacture, or copyright notice 2005.
300 ## - PHYSICAL DESCRIPTION
Extent 223 p;
Dimensions 24 cm.
653 ## - INDEX TERM--UNCONTROLLED
keyword Les 500 Exercices Grammaire
653 ## - INDEX TERM--UNCONTROLLED
keyword ფრანგული ენა(გრამატიკა)
700 ## - ADDED ENTRY--PERSONAL NAME
Personal name Caquineau-Gunduz , Marie-Pierre
9 (RLIN) 7370
700 ## - ADDED ENTRY--PERSONAL NAME
Personal name Delatour, Yvonne
9 (RLIN) 7371
700 ## - ADDED ENTRY--PERSONAL NAME
Personal name Jennepin, ,Dominique
9 (RLIN) 7372
700 ## - ADDED ENTRY--PERSONAL NAME
Personal name Lesage-Langot, Francoise
9 (RLIN) 7373
942 ## - ADDED ENTRY ELEMENTS (KOHA)
Koha item type წიგნი
Source of classification or shelving scheme
ეგზემპლარები
Withdrawn status Lost status Source of classification or shelving scheme Damaged status Not for loan Permanent Location Current Location Shelving location Date acquired Full call number Barcode Date last seen Copy number Price effective from Koha item type
          ბათუმის შოთა რუსთაველის სახელმწიფო უნივერსიტეტის მთავარი ბიბლიოთეკა ბათუმის შოთა რუსთაველის სახელმწიფო უნივერსიტეტის მთავარი ბიბლიოთეკა წიგნსაცავი 2018-12-17 811.133.1L-58 45665 2018-12-17 45665 2018-12-17 წიგნი
          ბათუმის შოთა რუსთაველის სახელმწიფო უნივერსიტეტის მთავარი ბიბლიოთეკა ბათუმის შოთა რუსთაველის სახელმწიფო უნივერსიტეტის მთავარი ბიბლიოთეკა წიგნსაცავი 2020-02-24 811.133.1L-58 45666 2020-02-24 45666 2020-02-24 წიგნი